Pays et territoires qui parlent espagnol - Statistics

General Stats
  • This quiz has been taken 726 times
  • The average score is 13 of 25
Answer Stats
Hint Answer % Correct
Europe Espagne Pays
98%
Amérique Argentine Pays
86%
Amérique Mexique Pays
84%
Amérique Colombie Pays
78%
Amérique Chili Pays
75%
Amérique Venezuela Pays
72%
Amérique Pérou Pays
68%
Amérique Uruguay Pays
67%
Amérique Paraguay Pays
61%
Amérique Cuba Pays
60%
Amérique Bolivie Pays
56%
Amérique Équateur Pays
56%
Amérique Panama Pays
50%
Amérique Costa Rica Pays
47%
Amérique Guatemala Pays
47%
Amérique Honduras Pays
43%
Europe Andorre Pays
41%
Amérique El Salvador Pays
39%
Amérique Nicaragua Pays
38%
Amérique République dominicaine Pays
37%
Amérique Porto Rico Territoire des États-Unis
34%
Europe Gibraltar Territoire du Royaume-Uni
23%
Afrique Guinée équatoriale Pays
15%
Amérique Trinité-et-Tobago Pays
10%
Amérique Aruba Territoire des Pays-Bas
4%
No matching quizzes found
Score Distribution
Percent of People with Each Score
Percentile by Number Answered
Your Score History
You have not taken this quiz